Interactive Energy Demand Analysis <The> MAED-BI Model Aplication in the Shanxi Province, PRC
Salvato in:
| Autore principale: | |
|---|---|
| Altri autori: | |
| Natura: | Libro |
| Lingua: | inglese |
| Pubblicazione: |
Laxenburg
International Institute for Applied Systems Analysis
1990
|
| Edizione: | 1. ed. |
| Tags: |
Nessun Tag, puoi essere il primo ad aggiungerne!!
|
MARC
| LEADER | 00000nam a2200000 4500 | ||
|---|---|---|---|
| 001 | c037250 | ||
| 005 | 20250509073950.3 | ||
| 041 | 0 | |a eng | |
| 044 | |a AT | ||
| 245 | 1 | 0 | |a Interactive Energy Demand Analysis |b <The> MAED-BI Model Aplication in the Shanxi Province, PRC |c B. Vallance, E. Weigkricht |
| 250 | |a 1. ed. | ||
| 264 | 1 | |a Laxenburg |b International Institute for Applied Systems Analysis |c 1990 | |
| 300 | |a 56 s. | ||
| 100 | 1 | |a Vallance, B. | |
| 700 | 1 | |a Weigkricht, E. | |